| 000 | 01067nab a22002057a 4500 | ||
|---|---|---|---|
| 999 |
_c5523 _d5523 |
||
| 003 | OSt | ||
| 005 | 20251211135156.0 | ||
| 008 | 190604e xxu||||| |||| 00| 0 spa d | ||
| 040 | _cPJ | ||
| 100 |
_96504 _aGozalbez, Rodrigo J. |
||
| 245 | 1 | 0 |
_aAnálisis crítico de la desregulación y reforma del sistema de gestión del derecho de autor y los derechos conexos de la República Argentina / _cRodrigo J. Gozalbez. |
| 260 |
_aCiudad Autónoma de Buenos Aires : _bThomson Reuters La Ley, _c2025. |
||
| 300 | _ap. 5-18 | ||
| 500 | _aCita Online: TR LALEY AR/DOC/18042025. | ||
| 505 | _aSumario: I. Introducción.— II. El sistema de gestión colectiva de derecho de autor y derechos conexos.— III. Los decretos del PEN.— IV. Conclusiones. | ||
| 505 | _t¿Te interesa el texto completo? Solicitalo al correo: koha@justierradelfuego.gov.ar | ||
| 650 | 0 |
_93459 _aDERECHOS DE AUTOR |
|
| 773 | 0 |
_02714 _93171 _dCiudad Autónoma de Buenos Aires : Thomson Reuters La Ley, 2014- _tRevista anales de legislación argentina. Nº 11- Noviembre 2025. |
|
| 942 |
_2udc _cANA |
||